LEADER 01013nam0-22003131i-450- 001 990003781740403321 005 20070420093937.0 035 $a000378174 035 $aFED01000378174 035 $a(Aleph)000378174FED01 035 $a000378174 100 $a20030910d--------km-y0itay50------ba 101 0 $aita 105 $ay-------001yy 200 1 $aSTORIA dell'arte italiana$eI. Materiali e problemi$e3. L'esperienza dell'antico, dell'Europa, della religiosità$f[a curadi Giovanni Previtali] 210 $aTorino$cEinaudi$dc1979 215 $axxxi, 318 p.$c[428] ill.$d22 cm 225 1 $aStoria dell'arte italiana$fcoordinamento editoriale di Giulio Bollati e Paolo Fossati$v3 610 0 $aARTE$aItalia$aStoria 676 $a709.45 801 0$aIT$bUNINA$gRICA$2UNIMARC 901 $aBK 912 $a990003781740403321 952 $a709.45 EIN 3$b3407$fBFS 952 $a08 MM 7$b6739 A.T.$fDINED 959 $aBFS 959 $aDINED 996 $aStoria dell'arte italiana$9303799 997 $aUNINA LEADER 00866nam0-22003371i-450 001 990003351940403321 005 20230306122621.0 010 $a2-200-31220-2 035 $a000335194 035 $aFED01000335194 035 $a(Aleph)000335194FED01 035 $a000335194 100 $a20001010d1986----km-y0itay50------ba 101 0 $afre 102 $aFR 105 $ay-------001yy 200 1 $a<>implicite$fCatherine Kerbrat-Orecchioni 210 $aParis$cArmand Colin$d1986 215 $a404 p.$d21 cm 225 1 $aLinguistique 610 0 $aLinguistica 676 $a410 700 1$aKerbrat-Orecchioni,$bCatherine$0132789 801 0$aIT$bUNINA$gRICA$2UNIMARC 901 $aBK 912 $a990003351940403321 952 $a410 KER /1$bLINGUE 367$fDECLI 959 $aDECLI 996 $aImplicite$9182309 997 $aUNINA DB $aING01